00375 2200157 4500245003900000020002100039250000900060100001600069650001600085005001900101260004200120041001400162084001100176300002100187336000900208 aCritical ElevencIka NatassahText a978-602-03464-03 a2017 aIka Natassa aNovel Fiksi a20240904125849 aJakartabGramedia Pustaka Utamac2017 aIndonesia a808.83 a344 hlm :c20 cm atext